Detalles MARC
| 000 -LIDER |
| fixed length control field |
01101cam a2200301 a 4500 |
| 001 - NÚMERO DE CONTROL |
| Identificador de número de control |
4878 |
| 003 - IDENTIFICACDOR DE NÚMERO DE CONTROL |
| control field |
DO-SdBPM |
| 005 - DATE AND TIME OF LATEST TRANSACTION |
| control field |
20250411131933.0 |
| 007 - CAMPOS FIJOS DE DESCRIPCIÓN FÍSICA |
| fixed length control field |
4878 |
| 008 - ELEMENTOS DE LONGITUD FIJA |
| fixed length control field |
000207s2000 nyua j 00 0 eng |
| 010 ## - NUMERO DE CONTROL DE BIBLIOTECA DEL CONGRESO |
| LC control number |
00024841 |
| 020 ## - ISBN |
| International Standard Book Number |
0879517255 |
| 040 ## - FUENTE DE CATALOGACIÓN |
| Agencia que crea de manera original el registro |
DO-SdBPM |
| Agencia que realiza la transcripción |
spa |
| Agencia que realiza la modificación |
BPMSU |
| 041 17 - CÓDIGOS DE OBRAS TRADUCIDAS O EN VARIOS IDIOMAS |
| Cód. del idioma original y/o traducciones intermedias del texto |
eng |
| 042 ## - CÓDIGO DE AUNTENTIFICACIÓN |
| Authentication code |
|
| 082 #4 - NÚMERO DE CLASIFICACIÓN DECIMAL DE DEWEY |
| Classification number |
813.4 |
| Item number |
B873w 2000 |
| Edition number |
22 |
| 100 1# - ASIENTO PRINCIPAL -- NOMBRE PERSONAL |
| Nombre personal |
Brooks, Walter R., |
| Fechas asociadas con el nombre |
1886-1958. |
| 245 14 - MENCIÓN DE TITULO |
| Título |
The wit & wisdom of Freddy and his friends / |
| Mención de responsabilidad |
Walter R. Brooks ; illustrations by Kurt Wiese ; introduction by Michael Cart ; Sarah Koslosky, contributing editor |
| 260 ## - PUBLICACIÓN, DISTRIBUCIÓN, ETC. (PIE DE IMPRENTA) |
| Lugar de publicación, distribución, etc |
Woodstock, NY : |
| Nombre del editor, distribuidor, etc. |
Overlook Press, |
| Fecha de publicación, distribución, etc |
2000. |
| 300 ## - DESCRIPCIÓN FÍSICA |
| Extensión |
xiii, 253 p. : |
| Otros detalles físicos |
il. ; |
| Dimensiones |
23 cm. |
| 520 ## - RESUMEN, ETC. |
| Nota de resumen, etc. |
A collection of quotations from the twenty-six books that Walter R. Brooks wrote about Freddy the Pig and his friends on and around Bean Farm. |
| 590 ## - NOTA LOCAL |
| Texto de la nota local |
Inventariado, 2025/VM |
| 650 #4 - ENCABEZAMIENTO DE MATERIA--TEMÁTICO |
| Término temático o nombre geográfico como elemento de entrada |
Novela juvenil estadounidense |
| Subdivisión de forma |
|
| 700 1# - ASIENTO SECUNDARIO -- NOMBRE PERSONAL |
| Nombre personal |
Wiese, Kurt, |
| Fechas asociadas con el nombre |
1887-1974, |
| Mención de responsabilidad |
ilustración |
| 700 1# - ASIENTO SECUNDARIO -- NOMBRE PERSONAL |
| Nombre personal |
Koslosky, Sarah. |
| 910 ## - VALIDACIÓN |
| Validación |
VMateo V. Control de calidad. BPMSU |
| 942 ## - ADDED ENTRY ELEMENTS (KOHA) |
| Source of classification or shelving scheme |
Dewey Decimal Classification |
| Koha item type |
Libros |